000 00685nam a22001937a 4500
999 _c169093
_d169093
005 20191105143344.0
010 _aB-730839
020 _a9789353092306
_c45.00
037 _adpl
_bPratham
082 _aS
100 _aSippy, Maegan Dobson
245 _aFarida plans a feast /
_c by Maegan Dobson Sippy; illustrated by Jayesh Sivan
260 _aBangaluru
_bPratham Books
_c2018
270 _a633-634,4th "C" Main,6th 'B' Cross, OMBR Layout Banaswadi,
_bBangalore
_e560043
_k911141042483 (New Delhi)
300 _a16p.
_bill.
_c22cm.(pbk)
700 _aSivan, Jayesh
942 _2ddc
_cCH
_hS
_mSIP